000 00740nam a2200205Ia 4500
005 20260121110345.0
008 008 260114s9999 xx 000 0 hin d
020 _a9788132361411
037 _aEBOOK
040 _aCRL
_bhin
_cCRL
041 _ahin
_2hin
084 _qCRL
100 _aअशोक गिरि / Swati Dayal
_9945189
245 0 _aशारीरिक शिक्षा के सामाजिक एवं व्यावसायिक आयाम / Sharirik shiksha ke samajik aur vyavsayik aayam
260 _bभाषा प्रकाशन / Bhasha Prakashan
_c2021
856 _uhttps://bhashaprakashan.com/product-details/379092
942 _cEBOOK
999 _c1536853
_d1536853